[Event "ch-ISL 2023"]
[Site "Hafnarfjordur ISL"]
[Date "2023.05.15"]
[Round "1.1"]
[White "Domalchuk-Jonasson, Aleksandr"]
[Black "Ptacnikova, Lenka"]
[Result "0-1"]
[WhiteTitle "FM"]
[BlackTitle "WGM"]
[WhiteElo "2338"]
[BlackElo "2099"]
[WhiteFideId "14142805"]
[BlackFideId "305650"]
[EventDate "2023.05.15"]

1. d4 Nf6 2. Nf3 e6 3. c4 b6 4. g3 Bb7 5. Bg2 Be7 6. O-O O-O 7. Nc3 Ne4 8. Bd2
Bf6 9. Re1 Nxc3 10. Bxc3 Be4 11. Nd2 Bxg2 12. Kxg2 d5 13. e4 c6 14. Rc1 Re8 15.
Qf3 Na6 16. Qd3 Nc7 17. b3 dxe4 18. Nxe4 Be7 19. Rcd1 a5 20. a4 Na6 21. Re2 Nb4
22. Qf3 Rc8 23. h4 Rc7 24. Ba1 Rd7 25. Qc3 Bf8 26. Rde1 Qb8 27. f4 Red8 28. Qf3
c5 29. d5 f5 30. Ng5 exd5 31. Ne6 Re8 32. cxd5 Nxd5 33. h5 Qb7 34. h6 gxh6 35.
Nxf8 Rxe2+ 36. Rxe2 Kxf8 37. Kh2 Qc6 38. Re5 Ne7 39. Rxf5+ Kg8 40. Qc3 Nxf5 41.
Qh8+ Kf7 42. Qxh7+ Ke8 43. Qxf5 Rd2+ 44. Kh3 Qd7 45. Qxd7+ Rxd7 46. Kh4 Kf7 47.
g4 Rd3 48. f5 Rxb3 49. Be5 c4 50. Bf4 Kg7 51. Be5+ Kh7 52. f6 Kg6 0-1

[Event "ch-ISL 2023"]
[Site "Hafnarfjordur ISL"]
[Date "2023.05.15"]
[Round "1.2"]
[White "Ingvason, Johann"]
[Black "Danielsen, Henrik"]
[Result "0-1"]
[BlackTitle "GM"]
[WhiteElo "2076"]
[BlackElo "2501"]
[WhiteFideId "2301431"]
[BlackFideId "1400185"]
[EventDate "2023.05.15"]

1. d4 Nf6 2. c4 e6 3. g3 Bb4+ 4. Nd2 O-O 5. Bg2 Be7 6. Ngf3 d6 7. O-O c5 8. e4
Nc6 9. d5 Nb4 10. a3 Nd3 11. Qc2 Nxc1 12. Raxc1 e5 13. b4 b6 14. Nh4 g6 15. Bf3
Bh3 16. Ng2 Nd7 17. Be2 Bg5 18. Rb1 Bh6 19. Rb3 Qe7 20. g4 Bxg2 21. Kxg2 cxb4
22. axb4 a5 23. bxa5 bxa5 24. Ra3 Bxd2 25. Qxd2 Nc5 26. Qe3 a4 27. Rfa1 Kh8 28.
Bd1 f5 29. exf5 gxf5 30. gxf5 Rxf5 31. Qh3 Raf8 32. Rf3 Rxf3 33. Bxf3 e4 34. Bg4
Qg7 35. Ra3 Nd3 36. Qg3 Rxf2+ 37. Kg1 Rf8 38. Rxa4 Qd4+ 39. Kg2 Rf2+ 40. Kh3
Nf4+ 0-1

[Event "ch-ISL 2023"]
[Site "Hafnarfjordur ISL"]
[Date "2023.05.15"]
[Round "1.3"]
[White "Thorfinnsson, Bragi"]
[Black "Ragnarsson, Dagur"]
[Result "1/2-1/2"]
[WhiteTitle "GM"]
[BlackTitle "IM"]
[WhiteElo "2431"]
[BlackElo "2346"]
[WhiteFideId "2300958"]
[BlackFideId "2304058"]
[EventDate "2023.05.15"]

1. e4 e6 2. d4 d5 3. e5 c5 4. c3 Nc6 5. Nf3 Qb6 6. Be2 cxd4 7. O-O Bd7 8. cxd4
Nge7 9. Nc3 Nf5 10. Na4 Qa5 11. Bd2 Qd8 12. Bf4 Be7 13. g4 Nh4 14. Nxh4 Bxh4 15.
Nc5 Bc8 16. Bg3 O-O 17. Rc1 Be7 18. a3 Na5 19. Rc3 b6 20. Nd3 Bb7 21. f4 Rc8 22.
Rxc8 Bxc8 23. f5 Nc6 24. fxe6 Bxe6 25. Bf2 Bg5 26. Qe1 Qd7 27. h4 Be7 28. Qd1 f6
29. exf6 Rxf6 30. g5 Rf8 31. Be3 Bf5 32. Nf4 Be4 33. Bg4 Qd6 34. Be6+ Kh8 35.
Qg4 Nd8 36. Bd7 g6 37. Ne2 Rxf1+ 38. Kxf1 Bf8 39. Nc3 Bd3+ 40. Kg1 Bg7 41. Bf2
Kg8 42. Bc8 Bc4 43. Kg2 Nc6 44. Be6+ Kh8 45. Bf7 Ne7 46. Bg3 Qd8 47. Be6 Bd3 48.
h5 Bf5 49. Qe2 gxh5 50. Nb5 h4 51. Nd6 Bg6 52. Be5 Nc6 53. Nf7+ Bxf7 54. Bxf7
Qxg5+ 55. Kh1 Nxe5 56. dxe5 Qxe5 57. Qxe5 Bxe5 58. Bxd5 Bxb2 59. a4 Be5 60. Kg2
Kg7 61. Kh3 Bg3 62. Bc6 Kf6 63. Kg2 Ke5 64. Kh3 Kd6 65. Be8 a6 66. Kg2 Be1 67.
Kh3 Kc5 68. Kg2 b5 69. Bxb5 axb5 70. axb5 Kxb5 71. Kh1 Kc4 72. Kg2 Kd3 73. Kh2
Ke3 74. Kg2 Ke2 75. Kg1 h6 76. Kg2 Bf2 77. Kh2 Kf1 78. Kh1 Bg1 1/2-1/2

[Event "ch-ISL 2023"]
[Site "Hafnarfjordur ISL"]
[Date "2023.05.15"]
[Round "1.4"]
[White "Stefansson, Hannes"]
[Black "Kjartansson, Gudmundur"]
[Result "0-1"]
[WhiteTitle "GM"]
[BlackTitle "GM"]
[WhiteElo "2521"]
[BlackElo "2402"]
[WhiteFideId "2300087"]
[BlackFideId "2301318"]
[EventDate "2023.05.15"]

1. e4 e5 2. Nf3 Nc6 3. Bb5 Nf6 4. d3 Bc5 5. c3 d5 6. Qc2 dxe4 7. dxe4 Qe7 8. O-O
O-O 9. a4 a5 10. Nbd2 Nb8 11. Nb3 Bb6 12. Nfd2 c6 13. Be2 Be6 14. Nc4 Bc7 15.
Bg5 Nbd7 16. Bh4 h6 17. Rfd1 Rfd8 18. f3 b5 19. axb5 a4 20. Nbd2 cxb5 21. Na3 b4
22. cxb4 Bb6+ 23. Kh1 Qxb4 24. Nb5 Rdc8 25. Qb1 Ra5 26. Na3 Bd4 27. Nc2 Qxb2 28.
Nxd4 Qxb1 29. Nxb1 exd4 30. Rxd4 Nc5 31. Rd1 Nb3 32. Ra3 Rac5 33. Be1 Rc2 34.
Nc3 R2xc3 35. Bxc3 Rxc3 36. Bb5 Nd7 37. Bxa4 Ndc5 38. Bxb3 Nxb3 39. h4 g5 40.
hxg5 hxg5 41. Kh2 Kg7 42. Ra8 Rc2 43. Rad8 Kf6 44. Kg3 Na5 45. R8d2 Rc3 46. Rd3
Rc5 47. Kf2 Nc6 48. R1d2 Ne5 49. Re3 Rc1 50. Re1 Rc3 51. Ra1 g4 52. fxg4 Nxg4+
53. Kg1 Ke5 54. Rb2 Kxe4 55. Rb4+ Kf5 56. Rb5+ Kg6 57. Rb2 Bd5 58. Rd2 Be4 59.
Rda2 Rg3 60. Re1 f5 61. Rae2 Rc3 62. Ra2 Kg5 63. Rea1 Rg3 64. Re1 Kh4 65. Rea1
Ne3 66. Re1 Nxg2 67. Rxe4+ fxe4 68. Rxg2 Kg4 69. Kf1 Rxg2 70. Kxg2 e3 0-1

[Event "ch-ISL 2023"]
[Site "Hafnarfjordur ISL"]
[Date "2023.05.15"]
[Round "1.5"]
[White "Heimisson, Hilmir Freyr"]
[Black "Stefansson, Vignir Vatnar"]
[Result "1/2-1/2"]
[WhiteTitle "IM"]
[BlackTitle "IM"]
[WhiteElo "2353"]
[BlackElo "2470"]
[WhiteFideId "2309998"]
[BlackFideId "2308649"]
[EventDate "2023.05.15"]

1. e4 e5 2. Nf3 Nc6 3. Bb5 Nf6 4. O-O Nxe4 5. Re1 Nd6 6. Nxe5 Be7 7. Bf1 Nxe5 8.
Rxe5 O-O 9. Nc3 Ne8 10. Nd5 Bd6 11. Re1 c6 12. Ne3 Be7 13. Nf5 Bg5 14. d4 Bxc1
15. Rxc1 d5 16. Ne7+ Kh8 17. Nxc8 Rxc8 18. c3 Nf6 19. Bd3 Re8 20. Rc2 Rc7 21.
Rce2 Rce7 22. f3 g6 23. Qd2 Kg7 24. Kf2 Rxe2+ 25. Rxe2 Rxe2+ 26. Qxe2 Qe8 27.
Qd2 Qb8 28. g3 Qd6 29. Qe3 h5 30. h4 a5 1/2-1/2

[Event "ch-ISL 2023"]
[Site "Hafnarfjordur ISL"]
[Date "2023.05.15"]
[Round "1.6"]
[White "Gretarsson, Hjorvar Steinn"]
[Black "Hjartarson, Johann"]
[Result "1/2-1/2"]
[WhiteTitle "GM"]
[BlackTitle "GM"]
[WhiteElo "2539"]
[BlackElo "2466"]
[WhiteFideId "2302241"]
[BlackFideId "2300044"]
[EventDate "2023.05.15"]

1. e4 c5 2. Nf3 e6 3. d4 cxd4 4. Nxd4 a6 5. Bd3 Nf6 6. O-O Qc7 7. Qe2 d6 8. c4
Nbd7 9. Nc3 Ne5 10. f4 Nxd3 11. Qxd3 Be7 12. b3 b6 13. Bb2 O-O 14. Kh1 Bb7 15.
f5 e5 16. Nc2 b5 17. cxb5 axb5 18. Nb4 Qc5 19. a3 Rfc8 20. Rae1 h6 21. h3 Bd8
22. Qxb5 Bxe4 23. Qxc5 dxc5 24. Nxe4 cxb4 25. a4 Nd7 26. Rd1 Rc2 27. Rxd7 Rxb2
28. f6 Bxf6 29. Nxf6+ gxf6 30. Rxf6 Rxb3 31. Rfxf7 Rg3 32. Rfe7 b3 33. Rb7 Kf8
34. Kh2 Rg6 35. Rxe5 Rxa4 36. Rc5 Ra8 37. Rxb3 Kg8 38. g4 Ra7 39. Kg3 Kh7 40.
Kh4 Rd7 41. Rb8 Rg8 42. Rbb5 Rg6 43. Kh5 Rdg7 44. Rf5 Rg8 45. Kh4 Rd6 46. Rfe5
Kg6 47. Rb7 Ra6 48. Re3 Rc6 49. Rb5 Rgc8 50. Ree5 R8c7 51. Re3 Rc8 52. Rf3 R8c7
53. Kg3 Rc3 54. Rb6+ Kg7 55. Rb3 Rxb3 56. Rxb3 Rc6 57. h4 h5 58. g5 Rc4 59. Rb7+
Kg6 60. Rb6+ Kg7 61. Rh6 Rg4+ 62. Kh3 Ra4 63. Rxh5 Ra6 64. Kg4 Rb6 65. Rh6 1/2-1/2

[Event "ch-ISL 2023"]
[Site "Hafnarfjordur ISL"]
[Date "2023.05.16"]
[Round "2.1"]
[White "Ptacnikova, Lenka"]
[Black "Hjartarson, Johann"]
[Result "1/2-1/2"]
[WhiteTitle "WGM"]
[BlackTitle "GM"]
[WhiteElo "2099"]
[BlackElo "2466"]
[WhiteFideId "305650"]
[BlackFideId "2300044"]
[EventDate "2023.05.15"]

1. c4 Nf6 2. g3 g6 3. Bg2 Bg7 4. Nc3 O-O 5. d4 d6 6. Nf3 Nbd7 7. O-O e5 8. dxe5
dxe5 9. Bg5 h6 10. Bd2 c6 11. Ne1 Re8 12. Nc2 Qe7 13. Rb1 a5 14. b3 Nc5 15. Ne3
Nfd7 16. a3 Ne6 17. b4 axb4 18. axb4 Nd4 19. c5 Nf6 20. Nc4 Bf5 21. Rb2 Red8 22.
Nd6 Be6 23. b5 Ra3 24. bxc6 bxc6 25. Rb7 Qf8 26. Nce4 Nxe4 27. Bxe4 f5 28. e3
fxe4 29. exd4 exd4 30. Nxe4 Bd5 31. f3 Rda8 32. Bf4 Bxe4 33. fxe4 Qxc5 34. Qg4
d3+ 35. Kh1 R3a7 36. Rxa7 Qxa7 37. Qxg6 Rf8 38. Qxc6 Qd4 39. Qd5+ Qxd5 40. exd5
Rf5 41. d6 Rd5 42. Kg2 h5 43. Kf3 d2 44. Rd1 Bc3 45. Ke2 Bb4 46. Bxd2 Bxd6 47.
Bf4 Rxd1 48. Kxd1 Be7 49. Ke2 Kf7 50. Kf3 Kg6 51. Ke4 Bf6 52. h3 1/2-1/2

[Event "ch-ISL 2023"]
[Site "Hafnarfjordur ISL"]
[Date "2023.05.16"]
[Round "2.2"]
[White "Stefansson, Vignir Vatnar"]
[Black "Gretarsson, Hjorvar Steinn"]
[Result "1/2-1/2"]
[WhiteTitle "IM"]
[BlackTitle "GM"]
[WhiteElo "2470"]
[BlackElo "2539"]
[WhiteFideId "2308649"]
[BlackFideId "2302241"]
[EventDate "2023.05.15"]

1. e4 c5 2. Nf3 d6 3. d4 cxd4 4. Nxd4 Nf6 5. Nc3 a6 6. Rg1 h5 7. Be3 e6 8. h3 b5
9. a3 Bb7 10. Bd3 Nc6 11. Nxc6 Bxc6 12. g4 hxg4 13. hxg4 g6 14. Qd2 Bg7 15. Bd4
e5 16. Be3 Qd7 17. g5 Ng4 18. O-O-O Nxe3 19. Qxe3 Qa7 20. Qxa7 Rxa7 21. Rh1 Rxh1
22. Rxh1 f6 23. gxf6 Bxf6 24. Nd5 Rf7 25. Kd1 Kf8 26. c3 Kg7 27. Ke2 Bd8 28. b4
a5 29. Rb1 Ra7 30. c4 axb4 31. Nxb4 bxc4 32. Nxc6 cxd3+ 33. Kd1 Ra8 1/2-1/2

[Event "ch-ISL 2023"]
[Site "Hafnarfjordur ISL"]
[Date "2023.05.16"]
[Round "2.3"]
[White "Kjartansson, Gudmundur"]
[Black "Heimisson, Hilmir Freyr"]
[Result "1/2-1/2"]
[WhiteTitle "GM"]
[BlackTitle "IM"]
[WhiteElo "2402"]
[BlackElo "2353"]
[WhiteFideId "2301318"]
[BlackFideId "2309998"]
[EventDate "2023.05.15"]

1. c4 c5 2. Nf3 Nc6 3. Nc3 e5 4. g3 g6 5. Bg2 Bg7 6. d3 d6 7. Nd2 Nge7 8. Nf1
Rb8 9. Ne3 a6 10. Ned5 Nxd5 11. Nxd5 O-O 12. h4 h6 13. Bd2 Bg4 14. Qc1 Kh7 15.
h5 g5 16. Ne3 Be6 17. g4 Ne7 18. Be4+ f5 19. gxf5 Nxf5 20. f3 Kh8 21. Nxf5 Bxf5
22. Bxg5 Qxg5 23. Qxg5 hxg5 24. h6 Bxe4 25. hxg7+ Kxg7 26. dxe4 Rf6 27. a4 Rg6
28. Rg1 Kf6 29. Kf2 Rh8 30. Rad1 Ke6 31. Rh1 Rgh6 32. Rxh6+ Rxh6 33. Kg3 Rh4 34.
Kg2 Rh8 35. Rh1 Rb8 36. Kg3 b5 37. cxb5 axb5 38. a5 Ra8 39. Ra1 d5 40. a6 d4 41.
b3 c4 42. bxc4 bxc4 43. Kg4 d3 44. exd3 cxd3 45. Rd1 Rxa6 46. Rxd3 Ra1 47. Rb3
Rg1+ 48. Kh5 Kf6 49. Rb6+ Kf7 50. Ra6 Rg3 51. Ra3 Kf6 52. Ra6+ Kf7 53. Ra3 Kf6
54. Ra6+ 1/2-1/2

[Event "ch-ISL 2023"]
[Site "Hafnarfjordur ISL"]
[Date "2023.05.16"]
[Round "2.4"]
[White "Ragnarsson, Dagur"]
[Black "Stefansson, Hannes"]
[Result "0-1"]
[WhiteTitle "IM"]
[BlackTitle "GM"]
[WhiteElo "2346"]
[BlackElo "2521"]
[WhiteFideId "2304058"]
[BlackFideId "2300087"]
[EventDate "2023.05.15"]

1. d4 Nf6 2. c4 e6 3. Nc3 Bb4 4. a3 Bxc3+ 5. bxc3 c5 6. f3 d5 7. cxd5 Nxd5 8.
dxc5 Qa5 9. e4 Ne7 10. Be3 O-O 11. Qb3 Qc7 12. Bb5 Nec6 13. f4 Na5 14. Qb1 Nd7
15. Bxd7 Bxd7 16. Ne2 Nc4 17. Bd4 b6 18. Qb4 b5 19. Qb1 Bc6 20. Ra2 f6 21. O-O
e5 22. fxe5 fxe5 23. Rxf8+ Rxf8 24. Bf2 Qf7 25. Ng3 Nxa3 26. Qa1 Nc4 27. Qe1 a5
28. Ra1 Qb7 29. Rd1 a4 30. Nf5 Bxe4 31. Nd6 Nxd6 32. cxd6 Bxg2 33. Qxe5 Qf7 34.
Bh4 Bc6 35. Qe3 a3 36. Be7 Ra8 37. Rf1 Qxf1+ 38. Kxf1 a2 39. Qe6+ Kh8 0-1

[Event "ch-ISL 2023"]
[Site "Hafnarfjordur ISL"]
[Date "2023.05.16"]
[Round "2.5"]
[White "Danielsen, Henrik"]
[Black "Thorfinnsson, Bragi"]
[Result "1-0"]
[WhiteTitle "GM"]
[BlackTitle "GM"]
[WhiteElo "2501"]
[BlackElo "2431"]
[WhiteFideId "1400185"]
[BlackFideId "2300958"]
[EventDate "2023.05.15"]

1. d4 Nf6 2. Nf3 g6 3. Nbd2 d5 4. e3 Bg7 5. b4 O-O 6. Be2 Nbd7 7. Bb2 a5 8. b5
a4 9. Rb1 c5 10. bxc6 bxc6 11. O-O Qa5 12. c4 Ba6 13. Qc2 c5 14. Rfc1 cxd4 15.
Bxd4 Rfc8 16. Qd1 Ne8 17. cxd5 Bxe2 18. Qxe2 Qxd5 19. Nc4 Rab8 20. Rxb8 Nxb8 21.
Bxg7 Nxg7 22. Nfd2 Ne6 23. Qd1 Qc6 24. Rb1 Nd7 25. Rb4 Ndc5 26. Qf3 Qxf3 27.
gxf3 Rd8 28. Kg2 Rd3 29. Ne4 Nxe4 30. fxe4 Nc5 31. Kf3 Rc3 32. Nb6 Rc2 33. Rc4
Rxc4 34. Nxc4 f6 35. e5 f5 36. Ke2 Kf7 37. f4 Ke6 38. Nb6 g5 39. fxg5 Kxe5 40.
Kf3 Kd6 41. h4 e5 42. a3 Ke6 43. Kg3 Ne4+ 44. Kh3 Nc3 45. h5 Nb5 46. Nc4 Nc7 47.
h6 Nd5 48. Nb6 Ne7 49. Nxa4 Kf7 50. Nc5 Kg6 51. Kh4 f4 52. e4 Kf7 53. a4 Ng6+
54. Kg4 Ke7 55. a5 1-0

[Event "ch-ISL 2023"]
[Site "Hafnarfjordur ISL"]
[Date "2023.05.16"]
[Round "2.6"]
[White "Domalchuk-Jonasson, Aleksandr"]
[Black "Ingvason, Johann"]
[Result "1/2-1/2"]
[WhiteTitle "FM"]
[WhiteElo "2338"]
[BlackElo "2076"]
[WhiteFideId "14142805"]
[BlackFideId "2301431"]
[EventDate "2023.05.15"]

1. d4 d5 2. Nf3 Nf6 3. c4 c6 4. e3 e6 5. b3 Nbd7 6. Bd3 Bd6 7. Bb2 b6 8. O-O O-O
9. Nc3 Bb7 10. Qc2 Qe7 11. e4 dxe4 12. Nxe4 Nxe4 13. Bxe4 Nf6 14. Bd3 Ba3 15.
Bc3 Bb4 16. Bxb4 Qxb4 17. c5 bxc5 18. a3 Qa5 19. dxc5 Ba6 20. Bxa6 Qxa6 21. Ne5
Rfd8 22. b4 Rd5 23. Nc4 Rad8 24. Rfc1 h5 25. a4 Rd4 26. Rab1 Rb8 27. Qc3 Rd5 28.
Qc2 Qc8 29. Nd6 Qc7 30. h3 Nd7 31. Rd1 a5 32. Rxd5 exd5 33. Qf5 Nf6 34. Qg5 Rxb4
35. Re1 Ne4 36. Qxh5 Rb8 37. Nxe4 dxe4 38. Qf5 Rb4 39. g3 g6 40. Qf6 Qd7 41. Qd6
Qxd6 42. cxd6 Rd4 43. d7 Rxd7 44. Rxe4 Rd1+ 45. Kg2 Rd5 46. Kf3 Rc5 47. Ke3 f5
48. Re8+ Kf7 49. Ra8 Ke6 50. Kd3 Rd5+ 51. Kc4 Rd2 52. Rxa5 Rxf2 53. Ra8 Rc2+ 54.
Kb3 Rg2 55. a5 Rxg3+ 56. Kb4 Kd6 57. Rh8 c5+ 58. Kc4 Ra3 59. Rd8+ Kc6 60. Rc8+
Kd6 61. Rd8+ Kc7 62. Rg8 Rxa5 63. Rxg6 Kd7 64. Rf6 f4 65. Kd5 Ra4 66. Ke5 Ra3
67. Rxf4 Rxh3 1/2-1/2

[Event "ch-ISL 2023"]
[Site "Hafnarfjordur ISL"]
[Date "2023.05.17"]
[Round "3.1"]
[White "Ingvason, Johann"]
[Black "Ptacnikova, Lenka"]
[Result "0-1"]
[BlackTitle "WGM"]
[WhiteElo "2076"]
[BlackElo "2099"]
[WhiteFideId "2301431"]
[BlackFideId "305650"]
[EventDate "2023.05.15"]

1. d4 Nf6 2. c4 e6 3. g3 Bb4+ 4. Nd2 O-O 5. Bg2 d5 6. a3 Be7 7. Ngf3 b6 8. O-O
Bb7 9. cxd5 exd5 10. b4 Nbd7 11. Bb2 c5 12. dxc5 bxc5 13. bxc5 Nxc5 14. Nb3 Nce4
15. Nfd4 Re8 16. Nf5 Bf8 17. Bd4 Ba6 18. Ra2 Qc8 19. Bxf6 Qxf5 20. Ba1 Rac8 21.
Nd4 Qd7 22. Bxe4 dxe4 23. Rd2 Bc4 24. Bb2 Qh3 25. Kh1 Rc5 26. Rg1 Rh5 27. Rg2 e3
28. fxe3 Rxe3 29. Nf3 Qe6 30. Bd4 Rxa3 31. Bg1 Rd5 32. e3 Rad3 33. Rge2 Qe4 34.
Kg2 Rf5 35. Rf2 Rxe3 36. Rd8 Bd5 0-1

[Event "ch-ISL 2023"]
[Site "Hafnarfjordur ISL"]
[Date "2023.05.17"]
[Round "3.2"]
[White "Thorfinnsson, Bragi"]
[Black "Domalchuk-Jonasson, Aleksandr"]
[Result "0-1"]
[WhiteTitle "GM"]
[BlackTitle "FM"]
[WhiteElo "2431"]
[BlackElo "2338"]
[WhiteFideId "2300958"]
[BlackFideId "14142805"]
[EventDate "2023.05.15"]

1. Nf3 d5 2. e3 Nf6 3. c4 dxc4 4. Bxc4 e6 5. d4 c5 6. O-O a6 7. Bb3 Nbd7 8. Nc3
b5 9. e4 cxd4 10. Qxd4 Bc5 11. Qd3 b4 12. Ne2 Bb7 13. Ng3 Qb6 14. Ba4 Rd8 15.
Bg5 O-O 16. Qe2 h6 17. Bh4 Be7 18. Bxd7 Rxd7 19. Ne5 Rc7 20. Ng4 Nxg4 21. Bxe7
Nxh2 22. Bxf8 Nxf1 23. Rxf1 Kxf8 24. Rd1 Rc8 25. Qd2 a5 26. Qf4 Qc7 27. e5 Bd5
28. Nh5 Qd8 29. Qe3 Qe7 30. a3 bxa3 31. bxa3 a4 32. Nf4 Bb3 33. Rd6 Qc7 34. Qe4
Kg8 35. Nh5 Qc1+ 36. Kh2 Qg5 37. Ng3 h5 38. Rd4 g6 39. Rb4 Kg7 40. Kh3 Rc5 41.
Qa8 Bd5 42. Qxa4 Qxe5 43. Qe8 Bc6 44. Qe7 Rc2 45. f3 Qc5 46. Qxc5 Rxc5 47. Ne2
Ra5 48. Rb3 Bd5 49. Rc3 Ra4 50. Kg3 Kf6 51. Kf2 g5 52. Re3 Ra8 53. Nc3 Bc6 54.
Ne2 Rb8 55. Nd4 Bd5 56. Rc3 Rb2+ 57. Rc2 Rb1 58. Rc7 Rb2+ 59. Kg3 Ke5 60. Nc2
Kd6 61. Rc8 Kd7 62. Rc5 Rb3 63. Ra5 Ke7 64. a4 Kf6 65. Rc5 g4 66. Ne1 Ra3 67. a5
Ke5 68. Nc2 Ra4 69. Rb5 h4+ 70. Kf2 Ra2 71. Rc5 Kf4 72. Ke1 gxf3 73. gxf3 h3 0-1

[Event "ch-ISL 2023"]
[Site "Hafnarfjordur ISL"]
[Date "2023.05.17"]
[Round "3.3"]
[White "Stefansson, Hannes"]
[Black "Danielsen, Henrik"]
[Result "1-0"]
[WhiteTitle "GM"]
[BlackTitle "GM"]
[WhiteElo "2521"]
[BlackElo "2501"]
[WhiteFideId "2300087"]
[BlackFideId "1400185"]
[EventDate "2023.05.15"]

1. e4 e5 2. Nf3 Nf6 3. Nxe5 d6 4. Nf3 Nxe4 5. Nc3 Nxc3 6. dxc3 Be7 7. Bf4 Nc6 8.
Qd2 Be6 9. O-O-O Qd7 10. Kb1 Bf6 11. Ng5 Bxg5 12. Bxg5 f6 13. Be3 O-O-O 14. b3
Kb8 15. f3 Qf7 16. Bf2 Rhe8 17. Bb5 Bd7 18. h3 Re7 19. Rhe1 Rde8 20. Rxe7 Rxe7
21. Kb2 Ne5 22. Bf1 h6 23. a4 Nc6 24. g3 Qe8 25. f4 Bf5 26. a5 Be4 27. a6 b6 28.
g4 Bf3 29. Ra1 Nd8 30. c4 Nf7 31. Qc3 Ba8 32. b4 Re4 33. c5 Bc6 34. cxb6 Rxf4
35. bxc7+ Kc8 36. Bxa7 Ne5 37. Bb6 Ba8 38. Be3 Rf3 39. Re1 Bd5 1-0

[Event "ch-ISL 2023"]
[Site "Hafnarfjordur ISL"]
[Date "2023.05.17"]
[Round "3.4"]
[White "Heimisson, Hilmir Freyr"]
[Black "Ragnarsson, Dagur"]
[Result "1/2-1/2"]
[WhiteTitle "IM"]
[BlackTitle "IM"]
[WhiteElo "2353"]
[BlackElo "2346"]
[WhiteFideId "2309998"]
[BlackFideId "2304058"]
[EventDate "2023.05.15"]

1. e4 e5 2. Nf3 Nc6 3. Bb5 a6 4. Ba4 d6 5. d4 b5 6. Bb3 Nxd4 7. Nxd4 exd4 8. c3
dxc3 9. Qh5 g6 10. Qd5 Be6 11. Qc6+ Bd7 12. Qxc3 Qf6 13. Qa5 Bg7 14. Nc3 Qd8 15.
a4 bxa4 16. Bxa4 Ne7 17. Bg5 f6 18. Be3 O-O 19. O-O Bxa4 20. Qxa4 Kh8 21. Qc4
Qc8 22. Rfc1 Qb7 23. h4 c6 24. Qe6 d5 25. Bc5 Rae8 26. Qh3 f5 27. exd5 cxd5 28.
h5 gxh5 29. Ne2 f4 30. Nd4 Rg8 31. Qxh5 Ng6 32. Nf3 Bf6 33. Rd1 Ne5 34. Re1 Qg7
35. Qh3 Nd3 36. Rxe8 Rxe8 37. Bb6 Qb7 38. Qf5 Qxb6 39. Qxd3 a5 40. Rd1 Qxb2 41.
Rb1 Qe2 42. Qxd5 Qe4 43. Qb5 Rg8 44. Rb3 a4 45. Ra3 Ra8 46. Kh2 Be7 47. Nd2 Qd4
48. Rd3 Qc5 49. Qb7 Rd8 50. Qb2+ Kg8 51. Ne4 Qc6 52. Rxd8+ Bxd8 53. Qb4 a3 54.
Nd6 Qd5 55. Qb8 Qh5+ 56. Kg1 Qd1+ 57. Kh2 Qh5+ 58. Kg1 Qd1+ 59. Kh2 Qh5+ 1/2-1/2

[Event "ch-ISL 2023"]
[Site "Hafnarfjordur ISL"]
[Date "2023.05.17"]
[Round "3.5"]
[White "Gretarsson, Hjorvar Steinn"]
[Black "Kjartansson, Gudmundur"]
[Result "0-1"]
[WhiteTitle "GM"]
[BlackTitle "GM"]
[WhiteElo "2539"]
[BlackElo "2402"]
[WhiteFideId "2302241"]
[BlackFideId "2301318"]
[EventDate "2023.05.15"]

1. e4 e5 2. Nf3 Nc6 3. Bb5 Nf6 4. d3 Bc5 5. O-O Nd4 6. Nxd4 Bxd4 7. c3 Bb6 8.
Ba4 O-O 9. Bg5 h6 10. Bh4 d6 11. Nd2 g5 12. Bg3 Bg4 13. Qe1 Nh5 14. Kh1 Be6 15.
Bb3 Qd7 16. f3 f5 17. exf5 Bxb3 18. axb3 Qxf5 19. Qe4 c6 20. Qxf5 Rxf5 21. Nc4
Bc7 22. Bf2 Nf4 23. Rxa7 Rxa7 24. Bxa7 Rf8 25. Be3 Nxd3 26. Rd1 Nf4 27. Bb6 Bxb6
28. Nxb6 d5 29. Nd7 Rf5 30. g4 Rf7 31. Nxe5 Re7 32. Re1 Kg7 33. Nd3 Rxe1+ 34.
Nxe1 Kf6 35. Kg1 Ke5 36. Kf2 d4 37. Nc2 d3 38. Ne3 Nh3+ 39. Kg3 Nf4 40. Kf2 Nh3+
41. Kg3 b5 42. b4 Nf4 43. Nf1 Nd5 44. Kf2 Nb6 45. Ne3 Nc4 46. b3 Nd2 47. Nd1 Kf4
48. Nb2 Nxf3 49. Nxd3+ Ke4 50. Nc5+ Kf4 51. Ne6+ Kxg4 52. h3+ Kf5 53. Nd8 Ne5
54. Kg3 h5 55. c4 h4+ 56. Kg2 g4 57. hxg4+ Kxg4 58. Nxc6 h3+ 59. Kh2 Nxc6 60.
cxb5 Nd8 61. b6 Nb7 62. b5 Kh4 63. Kh1 Kg3 64. b4 Nd6 65. b7 Nxb7 66. b6 Nd6 67.
b7 Nxb7 68. b5 Nd6 69. b6 Ne4 0-1

[Event "ch-ISL 2023"]
[Site "Hafnarfjordur ISL"]
[Date "2023.05.17"]
[Round "3.6"]
[White "Hjartarson, Johann"]
[Black "Stefansson, Vignir Vatnar"]
[Result "0-1"]
[WhiteTitle "GM"]
[BlackTitle "IM"]
[WhiteElo "2466"]
[BlackElo "2470"]
[WhiteFideId "2300044"]
[BlackFideId "2308649"]
[EventDate "2023.05.15"]

1. c4 e6 2. Nc3 d5 3. d4 Nf6 4. cxd5 exd5 5. Bg5 c6 6. e3 Bd6 7. Bd3 O-O 8. Qc2
h6 9. Bh4 Re8 10. Nf3 Be6 11. O-O Nbd7 12. Rab1 a5 13. Rfe1 Qb8 14. Bg3 Bxg3 15.
hxg3 Qd6 16. Rbc1 Rac8 17. a3 b5 18. Ne2 Bg4 19. Nd2 Bxe2 20. Bxe2 a4 21. Bd3
Nb6 22. Nb1 Ne4 23. Bxe4 Rxe4 24. Nd2 Ree8 25. Qc5 Qc7 26. e4 dxe4 27. Rxe4 Rxe4
28. Nxe4 Nc4 29. Nc3 Qb6 30. Nxa4 Qxc5 31. dxc5 Rd8 32. Rc2 Rd1+ 33. Kh2 Rb1 34.
g4 g5 35. g3 Kg7 36. Kg2 Kf6 37. Nb6 Rxb2 38. Rxb2 Nxb2 39. f4 Nd3 40. Nd7+ Ke6
41. Nb8 Kd5 42. fxg5 hxg5 43. Na6 Ne5 0-1

[Event "ch-ISL 2023"]
[Site "Hafnarfjordur ISL"]
[Date "2023.05.18"]
[Round "4.1"]
[White "Ptacnikova, Lenka"]
[Black "Stefansson, Vignir Vatnar"]
[Result "0-1"]
[WhiteTitle "WGM"]
[BlackTitle "IM"]
[WhiteElo "2099"]
[BlackElo "2470"]
[WhiteFideId "305650"]
[BlackFideId "2308649"]
[EventDate "2023.05.15"]

1. c4 e6 2. g3 d5 3. Bg2 Nf6 4. Nf3 dxc4 5. Qa4+ Nbd7 6. O-O a6 7. Qxc4 b5 8.
Qb3 Bb7 9. d4 c5 10. dxc5 Rc8 11. Nc3 Nxc5 12. Qd1 Qxd1 13. Nxd1 Bd6 14. Bf4
Bxf4 15. gxf4 Nd5 16. e3 Ke7 17. Nd4 Rhd8 18. Bxd5 Bxd5 19. Nc3 Nd3 20. Rab1 Bb7
21. Nce2 Be4 22. Ng3 Bg6 23. f5 exf5 24. Ngxf5+ Kf6 25. Ng3 Nb4 26. Ra1 Nc2 27.
Nxc2 Rxc2 28. Rfc1 Rdd2 29. Rxc2 Rxc2 30. b4 Rb2 31. a3 Ke6 32. Rc1 Rc2 33. Rxc2
Bxc2 34. Nf1 g5 35. Nd2 Kd5 36. Kg2 h5 37. Kg3 h4+ 38. Kg2 f5 39. Kf1 h3 40. Kg1
Bd1 41. Kf1 f4 42. Ke1 Bc2 43. Ke2 g4 44. Kf1 Ke5 45. Kg1 Kf5 46. Kf1 Be4 47.
exf4 Bd3+ 48. Kg1 Kxf4 49. Nb3 Bf5 50. Nc5 Bc8 51. Kf1 Ke5 52. Nb3 Kd5 0-1